[Event "Wuerttemberg 2-Brandenburg 2"]
[Site "?"]
[Date "2015.09.11"]
[Round "6.4"]
[White "Engbrecht, Helmut"]
[Black "Heckert, Klaus-Dieter"]
[Result "0-1"]
[WhiteElo "2004"]
[BlackElo "2064"]
[PlyCount "64"]
[EventDate "2015.??.??"]
[WhiteTeam "Brandenburg 2"]
[BlackTeam "Wuerttemberg 2"]

1. f4 c5 2. Nf3 Nc6 3. b3 d5 4. e3 Nf6 5. Bb5 g6 6. Ne5 Qb6 7. a4 Bg7 8. O-O O-O
9. Bxc6 bxc6 10. a5 Qc7 11. Qe2 Nd7 12. d4 cxd4 13. exd4 c5 14. c3 Rb8 15. Ra3
Nf6 16. Be3 Ne4 17. dxc5 Nxc5 18. b4 Ba6 19. c4 Rxb4 20. Bd4 Bxc4 21. Nxc4 Bxd4+
22. Ne3 Rfb8 23. Nc3 e6 24. Ncd1 Ne4 25. Kh1 Rb1 26. g4 Qc5 27. Rd3 Bxe3 28.
Rxe3 Qxa5 29. f5 Qa1 30. fxe6 Rxd1 31. exf7+ Kf8 32. Ref3 Rbb1 0-1

[Event "NRW-Hessen 2"]
[Site "?"]
[Date "2015.09.11"]
[Round "6.1"]
[White "Kaulfuss, Helmut"]
[Black "Khanukov, Boris"]
[Result "0-1"]
[WhiteElo "2115"]
[BlackElo "2334"]
[PlyCount "70"]
[EventDate "2015.??.??"]
[WhiteTeam "Hessen 2"]
[BlackTeam "NRW"]

1. d4 Nf6 2. Bf4 e6 3. Nf3 c5 4. e3 d5 5. c3 Nc6 6. Bd3 Bd6 7. Bxd6 Qxd6 8. O-O
O-O 9. Nbd2 e5 10. dxe5 Nxe5 11. Nxe5 Qxe5 12. Nf3 Qh5 13. Be2 Qg6 14. Kh1 Be6
15. Qa4 Ne4 16. Rad1 f5 17. c4 dxc4 18. Bxc4 Bxc4 19. Qxc4+ Qf7 20. Qxf7+ Rxf7
21. Kg1 g6 22. Rd5 Re7 23. Rfd1 b6 24. Kf1 Rae8 25. g3 Kf7 26. h4 Kf6 27. Rd8
Rxd8 28. Rxd8 Rc7 29. Nd2 Ke7 30. Rd3 c4 31. Rd4 c3 32. bxc3 Nxc3 33. a4 Rd7 34.
Nb3 Rxd4 35. Nxd4 Kd6 0-1

[Event "NRW-Hessen 2"]
[Site "?"]
[Date "2015.09.11"]
[Round "6.2"]
[White "Rotstein, Jefim"]
[Black "Haase, Wolfgang"]
[Result "1-0"]
[WhiteElo "2317"]
[BlackElo "2133"]
[PlyCount "73"]
[EventDate "2015.??.??"]
[WhiteTeam "NRW"]
[BlackTeam "Hessen 2"]

1. e4 c5 2. Nc3 Nc6 3. Nf3 e6 4. d4 cxd4 5. Nxd4 Qc7 6. g3 a6 7. Bg2 Nf6 8. Nde2
Be7 9. O-O d6 10. h3 b5 11. Be3 Bb7 12. g4 Ne5 13. g5 Nfd7 14. b3 b4 15. Na4 Nc5
16. Nxc5 dxc5 17. f4 Nd7 18. c3 a5 19. Rc1 O-O 20. Qe1 f5 21. Ng3 Bd6 22. Rf2
Rae8 23. cxb4 axb4 24. e5 Be7 25. Qxb4 Bxg2 26. Kxg2 Rb8 27. Qc3 Rfc8 28. Rfc2
Nb6 29. Bf2 Nd5 30. Qf3 Rb4 31. Rc4 Qb7 32. Nxf5 Nxf4+ 33. Rxf4 Bxg5 34. Rxb4
Qxf3+ 35. Kxf3 Rf8 36. Rxc5 Rxf5+ 37. Kg2 1-0

[Event "NRW-Hessen 2"]
[Site "?"]
[Date "2015.09.11"]
[Round "6.3"]
[White "Benninger, Rudolf"]
[Black "Hassenrueck, Helmut"]
[Result "1/2-1/2"]
[WhiteElo "2097"]
[BlackElo "2248"]
[PlyCount "100"]
[EventDate "2015.??.??"]

1. e4 e5 2. Nf3 Nc6 3. Bc4 Bc5 4. c3 Nf6 5. d3 O-O 6. Bg5 h6 7. Bh4 Be7 8. Nbd2
d6 9. Nf1 Na5 10. Bb5 a6 11. Ba4 b5 12. Bc2 c5 13. Ne3 Nc6 14. O-O Re8 15. a4 b4
16. d4 Nd7 17. Bg3 Bf8 18. Re1 g6 19. h4 Bg7 20. dxe5 Ndxe5 21. Nxe5 Nxe5 22. h5
Be6 23. f4 Nc6 24. Qd3 bxc3 25. bxc3 Qa5 26. f5 Qxc3 27. fxe6 Rxe6 28. Ra3 Qxd3
29. Bxd3 gxh5 30. Bc4 Rg6 31. Nf5 Bd4+ 32. Kh2 h4 33. Nxh4 Rg5 34. Nf5 Rh5+ 35.
Bh4 Bf2 36. Rf1 Bxh4 37. Rh3 Rxf5 38. Rxf5 Bg5 39. Bd5 Rc8 40. Rxf7 Kh8 41. Rf5
Bd2 42. Rf2 Bg5 43. Rhf3 Kg7 44. Rb3 Ne5 45. Rb7+ Kh8 46. Kh3 c4 47. Be6 Re8 48.
Rc7 Nd3 49. Rff7 Nf4+ 50. Rxf4 Bxf4 1/2-1/2

[Event "NRW-Hessen 2"]
[Site "?"]
[Date "2015.09.11"]
[Round "6.4"]
[White "Neese, Hans-Joachim"]
[Black "Kopp, Peter"]
[Result "1/2-1/2"]
[WhiteElo "2175"]
[BlackElo "2042"]
[PlyCount "106"]
[EventDate "2015.??.??"]

1. d4 Nf6 2. c4 d6 3. Nc3 e5 4. e3 Nbd7 5. Nf3 c6 6. Be2 Be7 7. O-O O-O 8. b4 a5
9. b5 Qc7 10. a4 Re8 11. Qc2 g6 12. Ba3 Bf8 13. Rac1 Nb6 14. dxe5 dxe5 15. Bxf8
Kxf8 16. c5 Nbd5 17. Rfd1 Bf5 18. Nxd5 Nxd5 19. e4 Nb4 20. Qb1 Bg4 21. Rd6 Bxf3
22. Bxf3 Rad8 23. b6 Qe7 24. Rcd1 Rxd6 25. cxd6 Qe6 26. Qc1 Rd8 27. Qc5 Na6 28.
Qxa5 Rxd6 29. Rc1 c5 30. Be2 Rxb6 31. Bxa6 Rxa6 32. Qxc5+ Kg7 33. Qb5 Rb6 34.
Qa5 f6 35. Rc7+ Kh6 36. Qd2+ g5 37. h3 Rd6 38. Qe2 Rd7 39. Qc2 Kg6 40. g4 h5 41.
Rxd7 Qxd7 42. gxh5+ Kxh5 43. Qb3 g4 44. Kh2 gxh3 45. Qxh3+ Qxh3+ 46. Kxh3 Kg5
47. Kg3 f5 48. exf5 Kxf5 49. Kf3 e4+ 50. Ke3 Ke5 51. a5 Kd5 52. Kf4 Kd4 53. Kf5
Kd5 1/2-1/2

[Event "Berlin 3-Schleswig-Holstein 2"]
[Site "?"]
[Date "2015.09.11"]
[Round "6.2"]
[White "Kollberg, Lothar"]
[Black "Kracht, Helmut"]
[Result "1-0"]
[WhiteElo "2099"]
[BlackElo "2039"]

1. d4 Nf6 2. c4 e6 3. Nc3 Bb4 4. e3 c5 5. Bd3 Nc6 6. Nf3 d5 7. O-O Bxc3 8. bxc3
O-O 9. a4 dxc4 10. Bxc4 Qc7 11. Ba3 Na5 12. Bd3 b6 13. e4 Bb7 14. Qe2 Rfe8 15.
Rab1 Rad8 16. Rfe1 Bc6 17. Bc2 cxd4 18. cxd4 Qd7 19. Red1 Qb7 20. Re1 Qc7 21.
Rbc1 Qd7 22. Ra1 Qc7 23. Bb2 Qf4 24. Ne5 Qh4 25. Nxc6 Nxc6 26. Rad1 Nb4 27. Bb1
Rc8 28. Rc1 h6 29. g3 Qh3 30. f3 h5 31. Qf1 Qxf1+ 32. Kxf1 Red8 33. Ke2 Nc6 34.
Ke3 Na5 35. Ba2 Nc6 36. Rc4 Na5 37. Rxc8 Rxc8 38. Rc1 Rxc1 39. Bxc1 Kf8 40. Ba3+
Ke8 41. d5 exd5 42. exd5 Nb7 43. Kd4 Nd7 44. Bc4 Ndc5 45. Bxc5 Nxc5 46. d6 Kd7
47. Kd5 a6 48. a5 Nb7 49. axb6 Nxd6 50. Bxa6 Nf5 51. Bb5+ Kc8 52. Bd3 Ne7+ 53.
Kd6 Ng8 54. Be4 Nf6 55. Bc6 Ng8 56. Bd5 Nh6 57. Ke7 f6 58. Kf8 Kb8 59. Be6 1-0

[Event "Berlin 3-Schleswig-Holstein 2"]
[Site "?"]
[Date "2015.09.11"]
[Round "6.3"]
[White "Boettcher, Ulrich"]
[Black "Shapiro, Yosip"]
[Result "0-1"]
[WhiteElo "2085"]
[BlackElo "2101"]

1. c4 Nf6 2. Nc3 e6 3. g3 d5 4. d4 Bb4 5. Nf3 dxc4 6. Bg2 Nc6 7. O-O O-O 8. a3
Be7 9. e4 a6 10. h3 Rb8 11. Be3 b5 12. Qe2 Bd7 13. d5 exd5 14. exd5 Na5 15. Ne5
Bd6 16. Nxd7 Nxd7 17. Ne4 Re8 18. Qc2 Nb3 19. Rad1 Nbc5 20. Nxd6 cxd6 21. Bd4
Nd3 22. b3 Rc8 23. f4 Nf6 24. Bf3 h5 25. Be2 Nc5 26. bxc4 bxc4 27. Bxc4 Nce4 28.
Kg2 Qc7 29. Bxf6 Nxf6 30. Rd4 Nxd5 31. Rxd5 Qxc4 32. Qxc4 Rxc4 33. Rxd6 Re3 34.
Rxa6 Rcc3 35. Ra1 Rxg3+ 36. Kf2 Rcf3+ 37. Ke2 Rxf4 38. h4 Rxh4 39. Ra8+ Kh7 0-1

[Event "Berlin 3-Schleswig-Holstein 2"]
[Site "?"]
[Date "2015.09.11"]
[Round "6.4"]
[White "Glatthor, Thomas"]
[Black "Seeck, Klaus"]
[Result "1-0"]
[WhiteElo "2047"]
[BlackElo "2109"]

1. Nf3 Nf6 2. g3 b6 3. Bg2 Bb7 4. d4 e6 5. O-O Be7 6. c4 O-O 7. Nc3 Ne4 8. Qd3
Nxc3 9. bxc3 f5 10. d5 Na6 11. Nd4 Nc5 12. Qc2 Bf6 13. Ba3 Re8 14. Rad1 Qc8 15.
dxe6 dxe6 16. Bxc5 Bxg2 17. Kxg2 bxc5 18. Nb3 Qa6 19. e4 Qxc4 20. exf5 exf5 21.
Qxf5 Qe4+ 22. Qxe4 Rxe4 23. Nxc5 Rc4 24. Nd7 Rxc3 25. Nxf6+ gxf6 26. Rfe1 Rf8
27. Re7 Rf7 28. Rd8+ Kg7 29. Re4 f5 30. Ra4 c5 31. Ra8 c4 32. Rc8 f4 33. Rcxc4
Rxc4 34. Rxc4 fxg3 35. hxg3 Rb7 36. Ra4 Kf6 37. Ra5 Rc7 38. f4 Kg6 39. g4 Rc2+
40. Kf3 Rc7 41. Ra6+ Kg7 42. g5 Rd7 43. Kg4 Kg8 44. a4 Rc7 45. a5 Rb7 46. Rc6
Rd7 47. a6 Kg7 48. f5 Kf7 49. Kf4 Re7 50. Rc8 Rd7 51. Rb8 Rd4+ 52. Ke5 Rg4 53.
Rb7+ Ke8 54. Kf6 1-0

[Event "Rheinland-Pfalz 2-Sachsen 2"]
[Site "?"]
[Date "2015.09.11"]
[Round "6.1"]
[White "Brauer, Christian"]
[Black "Krieger, Hermann"]
[Result "1/2-1/2"]
[WhiteElo "2106"]
[BlackElo "2206"]

1. c4 f5 2. g3 Nf6 3. Bg2 g6 4. Nc3 Bg7 5. e3 d6 6. Nge2 O-O 7. O-O e5 8. d3 c6
9. b3 Be6 10. Ba3 Bf7 11. Rc1 Re8 12. Qd2 Na6 13. Rfd1 Nc7 14. h3 Qd7 15. e4 d5
16. cxd5 cxd5 17. Rc2 fxe4 18. dxe4 d4 19. Na4 b6 20. Nc1 Nb5 21. Bb2 Rad8 22.
Nd3 h5 23. Qe2 Qe7 1/2-1/2

[Event "Rheinland-Pfalz 2-Sachsen 2"]
[Site "?"]
[Date "2015.09.11"]
[Round "6.2"]
[White "Schwertel, Johann"]
[Black "Eichner, Christian"]
[Result "1-0"]
[WhiteElo "2007"]
[BlackElo "2076"]

1. d4 f5 2. g3 Nf6 3. Bg2 g6 4. c3 Bg7 5. Nd2 d6 6. e4 Nc6 7. Ne2 e5 8. dxe5
Nxe5 9. O-O Nc6 10. exf5 Bxf5 11. Qb3 Qc8 12. Nf4 g5 13. Re1+ Kf8 14. Ne6+ Bxe6
15. Qxe6 Qxe6 16. Rxe6 Kf7 17. Re1 Rae8 18. Nf3 Rxe1+ 19. Nxe1 Re8 20. Bxg5 Re2
21. Rb1 Re5 22. Bf4 Ra5 23. a3 Nd5 24. Bd2 Nb6 25. Nc2 Re5 26. Kf1 h5 27. Re1
Nc4 28. Bc1 Kg6 29. Ne3 Nb6 30. f4 Re7 31. Nd5 Nxd5 32. Bxd5 Rxe1+ 33. Kxe1 Nd8
34. h3 c6 35. Be4+ Kf7 36. Bf3 Kg6 37. g4 Bf6 38. f5+ Kg7 39. g5 Be5 40. Bxh5
Bg3+ 1-0

[Event "Rheinland-Pfalz 2-Sachsen 2"]
[Site "?"]
[Date "2015.09.11"]
[Round "6.3"]
[White "Petzold, Hans, Prof. Dr."]
[Black "Dietzsch, Herbert"]
[Result "1/2-1/2"]
[WhiteElo "2066"]
[BlackElo "2060"]

1. e4 c5 2. Nc3 Nc6 3. f4 d6 4. Bb5 Bd7 5. Nf3 a6 6. Bxc6 Bxc6 7. d3 e6 8. O-O
Nf6 9. Qe1 Be7 10. Bd2 Qc7 11. a3 Nd7 12. Qg3 Bf6 13. Rae1 e5 14. fxe5 dxe5 15.
Be3 b6 16. Nh4 Bxh4 17. Qxh4 O-O 18. Rf5 Rfe8 19. Ref1 f6 20. Rh5 Nf8 21. Qg3
Qf7 22. Rhf5 Qg6 23. Qh4 Qf7 24. R5f3 Ne6 25. Rh3 Nf8 26. Rg3 Kh8 27. Rgf3 Ne6
28. Kh1 Rab8 29. Rf5 Nf8 30. g4 Bd7 31. R5f3 Qg6 32. g5 fxg5 33. Bxg5 Ne6 34.
Be3 Rf8 35. Nd5 Rxf3 36. Rxf3 Rf8 37. Ne7 Qe8 38. Rh3 Ng5 39. Bxg5 Bxh3 40. Qxh3
Qf7 41. Qf5 Qe8 42. Qh3 Qf7 43. Qf5 Qe8 1/2-1/2

[Event "Rheinland-Pfalz 2-Sachsen 2"]
[Site "?"]
[Date "2015.09.11"]
[Round "6.4"]
[White "Ranker, Klemens"]
[Black "Westphal, Norbert, Dr."]
[Result "0-1"]
[WhiteElo "1864"]
[BlackElo "1969"]

1. e4 Nf6 2. Nc3 e5 3. d3 Nc6 4. Nf3 Bb4 5. Bd2 Bc5 6. h3 h6 7. Be2 d5 8. exd5
Nxd5 9. Ne4 Be7 10. O-O Be6 11. Re1 O-O 12. Bf1 a6 13. Ng3 Bc5 14. Qc1 Re8 15.
a3 a5 16. c3 Bc8 17. d4 exd4 18. Rxe8+ Qxe8 19. Bd3 dxc3 20. bxc3 Ne5 21. Nxe5
Qxe5 22. Ne4 Bf8 23. c4 Bf5 24. cxd5 Bxe4 25. Bf4 Qxd5 26. Bc4 Qc6 27. f3 Bg6
28. Qf1 Bc5+ 29. Kh1 Bd6 30. Bd2 Qb6 31. a4 Re8 32. Qc1 Qd4 33. Bxa5 Qe5 0-1

[Event "Sachsen-Anhalt 2-Mecklenburg-Vorpommern 2"]
[Site "?"]
[Date "2015.09.11"]
[Round "6.1"]
[White "Krueger, Horst"]
[Black "Bondick, Karl-Heinz"]
[Result "0-1"]
[WhiteElo "2119"]
[BlackElo "2045"]

1. d4 d5 2. c4 e5 3. dxe5 d4 4. Nf3 Nc6 5. g3 Bg4 6. Bg2 Qd7 7. O-O Rd8 8. Bg5
Be7 9. Bxe7 Ngxe7 10. Nbd2 O-O 11. a3 a5 12. Nb3 b6 13. Rc1 Bxf3 14. Bxf3 Nxe5
15. Bg2 c5 16. Nd2 f5 17. b4 axb4 18. axb4 N7c6 19. bxc5 bxc5 20. Ra1 Nb4 21.
Ra5 Qd6 22. Nb3 Rc8 23. Qc1 Rc7 24. Rd1 Rfc8 25. h3 Kh8 26. f4 Nd7 27. Qd2 Rb8
28. Rda1 h6 29. e4 Qe6 30. exf5 Qxc4 31. Nc1 Nf6 32. Ra7 Rxa7 33. Rxa7 Re8 34.
g4 d3 35. g5 hxg5 36. fxg5 Ne4 37. Qb2 Qc3 38. Qxc3 Nxc3 39. Nb3 Ne2+ 40. Kf2 c4
41. Ra1 d2 42. Be4 Nc1 43. f6 0-1

[Event "Sachsen-Anhalt 2-Mecklenburg-Vorpommern 2"]
[Site "?"]
[Date "2015.09.11"]
[Round "6.2"]
[White "Just, Joachim"]
[Black "Alder, Bodo"]
[Result "1/2-1/2"]
[WhiteElo "1969"]
[BlackElo "2072"]

1. d4 Nf6 2. Nf3 d5 3. c4 e6 4. g3 Be7 5. Bg2 Nbd7 6. O-O O-O 7. Qc2 c6 8. Nbd2
b6 9. b3 Bb7 10. Bb2 Rc8 11. Rac1 h6 12. Qb1 c5 13. Rfd1 Qc7 14. cxd5 1/2-1/2

[Event "Sachsen-Anhalt 2-Mecklenburg-Vorpommern 2"]
[Site "?"]
[Date "2015.09.11"]
[Round "6.3"]
[White "Nauschuetz, Ernst"]
[Black "Kirmas, Joachim, Dr."]
[Result "1/2-1/2"]
[WhiteElo "1993"]
[BlackElo "1958"]

1. c4 Nf6 2. g3 d5 3. cxd5 Nxd5 4. Nf3 g6 5. Bg2 Bg7 6. O-O O-O 7. d4 c6 8. Nc3
Nxc3 9. bxc3 Nd7 10. e4 e5 11. Bg5 Qa5 12. Qd3 Re8 13. Rfe1 exd4 14. cxd4 c5 15.
Bd2 Qd8 16. Bg5 Qa5 17. Be3 cxd4 18. Bxd4 Ne5 19. Nxe5 Bxe5 20. Bxe5 Qxe5 21.
Rab1 Rb8 22. Rec1 Be6 23. Qa3 a6 24. f4 Qd4+ 25. Kh1 Rec8 26. Rd1 Qc5 27. Qb2
Qc3 28. a3 Bg4 29. Re1 Qxb2 30. Rxb2 Rc3 31. Ra1 b5 32. h3 Bf3 33. Bxf3 Rxf3 34.
Kg2 Re3 35. e5 Rc8 36. a4 Rcc3 37. axb5 Rxg3+ 38. Kh2 Rxh3+ 39. Kg2 axb5 40.
Rxb5 Rhg3+ 41. Kh2 Rce3 42. Ra2 h5 43. Rb4 h4 44. Rg2 Rh3+ 45. Kg1 Kf8 46. Rf2
Rhg3+ 47. Kh2 Rd3 48. Rb8+ Ke7 49. Rb7+ Ke6 50. Rb6+ Ke7 51. Rb7+ Kf8 52. Rb4
1/2-1/2

[Event "Blindenschachbund-Sachsen 1"]
[Site "?"]
[Date "2015.09.11"]
[Round "6.1"]
[White "Weidlich, Guenter"]
[Black "Riegler, Dieter"]
[Result "1/2-1/2"]
[WhiteElo "2199"]
[BlackElo "2096"]

1. b3 Nf6 2. Bb2 g6 3. Nf3 Bg7 4. c4 O-O 5. g3 d6 6. Bg2 Nc6 7. d4 Rb8 8. O-O a6
9. Nbd2 e5 10. e3 Re8 11. d5 Ne7 12. e4 Nd7 13. Ne1 f5 14. Nd3 Nf6 15. f3 fxe4
16. fxe4 Rf8 17. Qe2 Bg4 18. Bf3 Qd7 1/2-1/2

[Event "Blindenschachbund-Sachsen 1"]
[Site "?"]
[Date "2015.09.11"]
[Round "6.2"]
[White "Dobierzin, Olaf"]
[Black "Boehm, Erwin"]
[Result "0-1"]
[WhiteElo "1998"]
[BlackElo "2172"]

1. e4 g6 2. d4 Bg7 3. Nc3 c6 4. Nf3 d5 5. h3 Nf6 6. Bd3 dxe4 7. Nxe4 Nxe4 8.
Bxe4 Nd7 9. c3 O-O 10. O-O Qc7 11. Re1 c5 12. Bg5 Re8 13. Qd2 cxd4 14. cxd4 Nf6
15. Bd3 Be6 16. Bf4 Qb6 17. Be5 Bd5 18. Rac1 Rac8 19. b3 Rxc1 20. Rxc1 Bxf3 21.
gxf3 Nd5 22. Bxg7 Kxg7 23. Bc4 Rd8 24. Re1 e6 25. Re5 Ne7 26. Rb5 Qc7 27. Qe3 b6
28. Qe5+ Qxe5 29. dxe5 Nc6 30. Kg2 Rb8 31. a3 a6 32. Rb4 Nxb4 33. axb4 b5 0-1

[Event "Blindenschachbund-Sachsen 1"]
[Site "?"]
[Date "2015.09.11"]
[Round "6.3"]
[White "Knaak, Joachim"]
[Black "Heinich, Manfred"]
[Result "1/2-1/2"]
[WhiteElo "2105"]
[BlackElo "1974"]

1. d4 Nf6 2. c4 c5 3. d5 b5 4. cxb5 a6 5. bxa6 g6 6. Nc3 Bxa6 7. Nf3 Bg7 8. g3
d6 9. Bg2 Nbd7 10. O-O O-O 11. Rb1 Qa5 12. Qc2 Nb6 13. Rd1 Nfd7 14. a3 Nc4 15.
b4 Nxa3 16. Bxa3 Qxa3 17. Rb3 cxb4 18. Rxa3 bxa3 19. Nd4 Bc4 20. Nc6 Nc5 21. Ra1
Nb3 22. Ra2 Nd4 23. Nxd4 Bxd4 24. Nd1 Bxa2 25. Qxa2 Rfc8 1/2-1/2

[Event "Blindenschachbund-Sachsen 1"]
[Site "?"]
[Date "2015.09.11"]
[Round "6.4"]
[White "Jagdhuber, Hans"]
[Black "Lehmann, Wolfgang"]
[Result "1/2-1/2"]
[WhiteElo "2016"]
[BlackElo "1912"]

1. Nf3 Nf6 2. g3 d5 3. Bg2 g6 4. b3 Bg7 5. Bb2 O-O 6. O-O b6 7. c4 c6 8. d3 Bb7
9. Nbd2 Nbd7 10. Rc1 Re8 11. Qc2 Rc8 12. Rfd1 e5 13. e4 d4 14. b4 c5 15. b5 Nf8
16. Ra1 N6d7 17. Bh3 h6 18. Nb3 Ra8 19. a4 f5 20. Qe2 Qf6 21. Nbd2 1/2-1/2